000
00306nam a2200109Ia 4500
008
220204s9999 xx 000 0 und d
082
_a
338.26(540)
_b
THI;1
245
0
_a
Third five year plan: A draft outline
260
_a
New Delhi
_b
Planning Commission
_c
1960
650
_a
Third five year plan
942
_c
BK
999
_c
20075
_d
20075